000 00632nam a2200193Ii 4500
003 JO-AjNU
008 230605s9999||||xx |||||||||||||| ||und||
040 _aJO-AjNU
_bara
_erda
_cJO-AjNU
041 _aara
050 1 4 _aPJ7538.A836 1980
100 3 _aالعشماوي، محمد زكي,
_eauthor
_917020
245 0 0 _aدراسات في النقد المسرحي
264 3 1 _aبيروت: دار النهضة العربية، 1980
300 _a276ص
336 _atext
_btxt
_2rdacontent
337 _aunmediated
_bn
_2rdamedia
338 _avolume
_bnc
_2rdacarrier
650 4 _aالأدب العربي - نقد مسرحي
_917021
999 _aA5170
_c8738
_d8738